000 00567nam a2200193Ia 4500
005 20250507130236.0
008 008 250505s9999 xx 000 0 eng d
037 _aSeries Article
040 _aEASL
_beng
_cEASL
041 _aeng
_2eng
084 _qEASL
100 _aGuo Xiajuan And Others
_9669043
245 0 _aWomen's participation in village autonomy in china;Evedence from zhejiang province
260 _aUK
_bUK Cambridge Univesity Press UK
_c2009
300 _a145-165
650 _aChina
942 _cSRA
999 _c1318522
_d1318522